000 00928cam a22003014a 4500
001 120867
005 20230410132804.0
008 110106s2012 caua 001 0 eng
035 _a16601340
925 0 _aacquire
_b1 shelf copies
_xpolicy default
942 _2lcc
_cbk
010 _a 2011000193
020 _a0321696816 (hardcover)
040 _aDLC
_cDLC
_dDLC
050 1 4 _aQH 308.2
_bC187 2012
082 0 0 _a570
245 0 0 _aCampbell biology :
_bconcepts & connections /
_cJane B. Reece ... [et al.].
260 _aSan Francisco, CA. :
_bBenjamin Cummings,
_cc2012.
300 _a1 v. (various pagings) :
_bill. (some col.) ;
_c29 cm.
500 _aRevised ed. of: Biology : concepts & connections / Neil A. Campbell ,,, et al. c2009.
500 _aIncludes index.
650 0 _aBiology.
650 4 _aBiologĂ­a.
650 4 _a20150900.
700 1 _aReece, Jane B.
730 0 _aBiology.
946 _aYSL
999 _c87774
_d87774